| 000 | 00666nam a2200217 i 4500 | ||
|---|---|---|---|
| 005 | 20200104041558.0 | ||
| 008 | 140319s1990 it ||||| |||| 00| 0 spa d | ||
| 040 |
_aCO-BoIAVH _cCO-BoIAVH |
||
| 041 | _aspa | ||
| 044 | _ait | ||
| 082 | 0 | 4 |
_a338.9 _bD44d |
| 245 | 0 | 0 | _aDesarrollo sostenible y ordenación de los recursos naturales. |
| 260 |
_aRoma : _bFAO, _c1990. |
||
| 300 |
_a35 páginas ; _c27 cm. |
||
| 650 | 1 | 4 | _aDesarrollo sostenible |
| 650 | 2 | 4 | _aBosques |
| 650 | 2 | 4 | _aDiversidad biológica |
| 710 | 2 | _aOrganización de las Naciones Unidas para la Agricultura y la Alimentación | |
| 942 |
_cLIBRO _2ddc |
||
| 945 | _d2006-09-22 | ||
| 999 |
_c5285 _d5285 |
||